01625nam0a22002771 4500001001100000005001700011035002600028100004100054101000800095102000700103105001800110200039500128210022300523215003800746300027500784700003301059702003601092702003001128702003201158702003701190702003401227702002801261801001801289801002201307852001801329rc\267428720250623152622.0 a(NLR Aleph) 006802804 a20110915d1932 |||y0rusy50 ca0 arus aRU aa j |||||1 aВетеринарная азбука для рабочих совхозов и колхозниковfБригада ветврачей: А. К. Казанский, В. В. Конге (проф.), В. В. Красюков, П. М. Макаров (ассист.), Ф. П. Марадудин, П. В. Мараев, В. И. ПахомовgПод общ. ред. П. М. Макарова aЛенинградaМоскваcОгиз - Гос. изд-во с.-х. и колхоз.-кооп. лит-рыd1932e[Ленинград]g1-я тип. изд-ва Леноблисполкома и Ленсовета a142, [2] с.cил.d19х13 см. aПеред загл.: "Бригада ветврачей: Казанский, А. К., Конге, В. В. (проф.), Красюков, В. В., Макаров, П. М. (ассист.), Марадудин, Ф. П., Мараев, П. В. и Пахомов, В. И." 1aКазанскийbА.К. 1aМарадудинbФ.П.4570 1aМараевbП.В.4570 1aПахомовbВ.И.4570 1aМакаровbП.М.43404570 1aКрасюковbВ.В.4570 1aКонгеbВ.В.4570 0aRUbNLRgpsbo 1aRUbELAR2rusmarc aNLRj32-1/595